| 000 | 00716nam a2200241 a 4500 | ||
|---|---|---|---|
| 001 | 65977 | ||
| 003 | BD-RjUL | ||
| 005 | 20211209081504.0 | ||
| 008 | 170313s1985 caua 001 0 eng | ||
| 020 |
_a0534049508 (pbk.) : _c$9.75 |
||
| 035 | _a(BD-RjUL)66107 | ||
| 040 |
_aDLC _cDLC _dBD-RjUL _beng |
||
| 041 | _aeng | ||
| 082 | 0 | 0 |
_a652.5 _223 _bBRE 1985 |
| 100 | 1 |
_aBrown, Carl, _d1946- _9195148 |
|
| 245 | 1 | 0 |
_aEssential WordStar, with MailMerge and SpellStar / _cCarl Brown. |
| 260 |
_aMonterey, Calif. : _bBrooks/Cole Pub. Co., _cc1985. |
||
| 300 |
_axiv, 128 p. : _bill. ; _c23 cm. |
||
| 490 | 1 | _aThe Essential series | |
| 500 | _aIncludes indexes. | ||
| 650 | 0 |
_aWord processing. _9182181 |
|
| 942 |
_2ddc _cBK |
||
| 999 |
_c65977 _d65977 |
||